Atti impuri : vita di una monaca lesbica nell'Italia del Rinascimento /

Saved in:
Bibliografiske detaljer
Hovedforfatter: Brown, Judith C. (Author)
Format: Bog
Sprog:italiensk
Udgivet: Milano : CDE, stampa 1987
Tags: Tilføj Tag
Ingen Tags, Vær først til at tagge denne postø!

MARC

LEADER 00000nam a22000007i 4500
001 IT\ICCU\RAV\1465149
003 ItRI
005 20260216230426.0
008 060809s1987 it |||||| ||||| |||||c
040 |b ita  |c arcigay verona 
041 7 |a ita  |2 ISO-639-2 
100 1 |a Brown, Judith C.  |0 IT\ICCU\CFIV\040969  |4 aut 
245 1 0 |a Atti impuri :  |b vita di una monaca lesbica nell'Italia del Rinascimento /  |c Judith C. Brown. 
260 |a Milano :  |b CDE,  |c stampa 1987 
300 |a 186 p. ;  |c 22 cm 
500 |a Trad. di Savino D'Amico. 
942 |2 ddc  |c BK 
952 |0 0  |1 0  |4 0  |6 306_760000000000000_BRO_ATT  |7 0  |9 33019  |a VR  |b VR  |d 2026-02-16  |i 79  |l 0  |o 306.76 BRO ATT  |p OBE-79  |r 2026-02-16 22:16:27  |w 2026-02-16  |y BK 
999 |c 28690  |d 28690